[Event "Open13 06-07"]
[Site "?"]
[Date "2006.10.21"]
[Round "1"]
[White "Battaglia, Gerard"]
[Black "Milesi, Laurent"]
[Result "0-1"]
[WhiteElo "1890"]
[BlackElo "2110"]
[PlyCount "64"]
[EventDate "2006.??.??"]

1. d4 e6 2. c4 b6 3. Nc3 Bb7 4. e4 Bb4 5. Bd3 f5 6. f3 fxe4 7. fxe4 Nf6 8. Bg5
O-O $16 (8... h6 {pour éviter la variante suivante...}) 9. Qe2 $14 (9. e5 h6 (
9... Bxg2 10. exf6 Rxf6 11. Bxh7+ Kf8 $13) 10. Bxf6 gxf6 11. Qg4+ Kh8 12. Qg6
Qe7 13. Qxh6+ Kg8 14. Nf3 fxe5 $16) 9... h6 10. Bh4 Qe8 11. Nf3 Nh5 12. O-O-O
$15 (12. O-O {était plus sage} Nf4 13. Qc2 $14) 12... Bxc3 13. bxc3 Nf4 14. Qf1
Nxd3+ 15. Qxd3 Qg6 16. d5 Na6 {ç5 est très accueillante pour un N} 17. Ne5 Qh5
18. Bg3 Nc5 19. Qe3 $19 (19. Qc2 d6 20. Nf3 e5 21. Bf2 Rab8 22. Bxc5 $17 {
le N est trop fort ... il faut l'enlever pour espérer résister ...}) 19... d6
$17 (19... exd5 {ouvre une colonne pour la 2eme R ... toutes les pièces noires
vont vite s'activer ...} 20. exd5 (20. cxd5 Rae8) 20... Rae8 21. Qd4 d6 22. Nf3
Re4 $19) 20. Nf3 $19 (20. Nd3 {toujours pour enlever le Nç5} Ba6 21. Nxc5 bxc5
22. Qd3 Qe8 23. e5 $17) 20... e5 $17 (20... Rae8 21. e5 exd5 22. cxd5 dxe5 23.
c4 e4 24. Nd4 $19) 21. h3 $19 Qe8 {
le centre est bien bloqué, changement d'aile !} 22. Kb2 $19 Qa4 23. Nd2 Ba6 24.
Qe2 b5 $19 25. cxb5 $4 $19 (25. Nb3 {résistait un peu plus} Nb7 26. Qc2 bxc4
27. Nd2 Qa5 28. Ka1 $19) 25... Bxb5 26. c4 Qb4+ 27. Nb3 Na4+ 28. Kc1 $2 $19
Bxc4 29. Qc2 Rab8 30. Rd3 $2 $19 Qa3+ 31. Kd2 Bxd3 32. Kxd3 Nc5+ 0-1

[Event "Open13 06-07"]
[Site "?"]
[Date "2006.10.21"]
[Round "1"]
[White "Lenfant, Francois"]
[Black "Mazeau, Geoffroy"]
[Result "1-0"]
[WhiteElo "2106"]
[BlackElo "1837"]
[PlyCount "83"]
[EventDate "2006.??.??"]

1. c4 g6 2. g3 Bg7 3. Bg2 Nf6 4. Nc3 c6 5. Nf3 O-O 6. O-O d5 7. d4 dxc4 8. a4
a5 9. Bg5 Na6 10. Qd2 Nc7 11. Bh6 Be6 12. Bxg7 Kxg7 13. e4 Qc8 14. Ng5 h6 15.
Nxe6+ Nxe6 16. e5 Nd7 17. Rfe1 Rd8 18. Rad1 $17 Qc7 $11 (18... Ndc5 $1 19. d5
cxd5 20. Nxd5 Nd3 21. Re3 Nb4 $17) 19. d5 Nxe5 $6 $16 (19... cxd5 20. Nxd5 Qc5
21. Qc3 Rac8 $15) 20. Qe2 Nd3 21. dxe6 Nxe1 22. Rxe1 fxe6 23. Qxe6 Re8 24. Qxc4
Rad8 $2 $18 (24... e5 {pour essayer de donner un peu d'air aux noirs} 25. Ne4
Qd7 26. Nc5 Qd2 27. Rf1 Re7 28. Qg4 $18) 25. Ne4 $2 $18 ({à voir ...} 25. Re6
$5 Rd6 26. Nb5 Rd1+ 27. Bf1 Qd7 28. Qe4 Qxe6 29. Qxe6 cxb5 $18) 25... Qe5 26.
Qc1 Qd4 $18 27. Nc5 e5 28. Nxb7 Rb8 29. Rd1 Qg4 30. h3 Qb4 $2 $18 31. Nc5 Re7
32. Na6 Qxb2 33. Nxb8 Qxb8 34. Qxc6 Qc7 35. Qxc7 Rxc7 36. Rd5 Ra7 37. Rxe5 Kf6
38. Rb5 g5 39. Rb6+ Kg7 40. Rb7+ Rxb7 41. Bxb7 Kf6 42. Kf1 1-0

[Event "Open13 06-07"]
[Site "?"]
[Date "2006.10.21"]
[Round "1"]
[White "Robe, Pierre"]
[Black "Sintes, Marc"]
[Result "1/2-1/2"]
[WhiteElo "1830"]
[BlackElo "2096"]
[PlyCount "63"]
[EventDate "2006.??.??"]

1. b3 d5 2. Bb2 Bg4 3. h3 Bh5 4. Nf3 e6 5. e3 Nf6 6. Be2 Nbd7 7. O-O Bd6 8. d3
Qe7 9. a3 O-O-O 10. Nbd2 e5 11. c4 e4 12. Ne1 Bxe2 13. Qxe2 exd3 14. Nxd3 c6
15. b4 dxc4 16. Nxc4 Bc7 17. Rac1 Nb6 18. Nc5 Nxc4 19. Qxc4 Rd2 $18 20. Bd4 Qd6
21. g3 Qd5 22. Qc3 Re2 23. b5 $18 Bxg3 {
Les noirs sont en danger, il faut tenter quelque chose !} 24. e4 $2 $11 {
Erreur, les blancs surrestiment l'attaque adverse ...} (24. bxc6 $1 {
gagnant ... à condition d'avoir Fritz !} Qxc6 (24... b5 25. Qa5 (25. Qd3 $2 Qf3
26. e4 Qxd3 27. Nxd3 Rd8 $11) 25... Nh5 26. h4 (26. Qa6+ Kd8 27. Qxa7 $4 Bxf2+
28. Rxf2 Qg5+ 29. Kh1 Ng3+ 30. Kg2 Ne4+ 31. Kh1 Nxf2+ 32. Kh2 Nd3+ 33. Kh1 Qg2#
)) (24... b6 25. Qd3 Bxf2+ 26. Rxf2 Rxf2 (26... Qg5+ 27. Kh1 Rxf2 28. Qa6+ Kd8
29. Bxf6+ gxf6 30. Rd1+ Ke7 31. Rd7+ Kf8 32. Ne6+ $1 fxe6 33. Qc8#) 27. Qa6+
Kd8 28. Nb7+) 25. Qd3 Bxf2+ 26. Rxf2 Rxf2 27. Nb3 Rg2+ 28. Kf1 Qxc1+ 29. Nxc1
$18) 24... Nxe4 25. Nxe4 Rxe4 26. fxg3 $15 (26. bxc6 $5 Bf4 27. cxb7+ Kxb7 28.
Be3 Qg5+ 29. Kh1 Qd5 30. Kg1 $11) 26... Rxd4 $11 (26... Qxd4+ 27. Qxd4 Rxd4 28.
bxc6 f6 29. Rfe1 bxc6 30. Rxc6+ Kb7 31. Rce6 Rhd8 32. Re7+ R8d7 $15) 27. bxc6
bxc6 28. Rxf7 Rd1+ 29. Rxd1 Qxd1+ 30. Rf1 Qd5 31. Qxg7 Rg8 32. Rf8+ 1/2-1/2

[Event "Open13 06-07"]
[Site "?"]
[Date "2006.10.21"]
[Round "1"]
[White "Busson, Benoist"]
[Black "Wallet, Patrick"]
[Result "1-0"]
[WhiteElo "2053"]
[BlackElo "1830"]
[PlyCount "53"]
[EventDate "2006.??.??"]

1. e4 c5 2. a3 d5 3. d4 dxe4 4. d5 Nf6 5. Nc3 Bf5 6. Nge2 Bg6 7. Nf4 Bf5 8. h3
h5 9. Be3 Nbd7 10. Be2 g6 11. O-O a6 12. g4 $2 $17 {croyant gagner une pièce ..
. mais détruit la position blanche (à condition de ne pas se tromper ...)} (12.
f3 $15) 12... hxg4 13. hxg4 Nxg4 $15 (13... g5 14. gxf5 gxf4 15. Bxf4 Nb6 $19)
14. Bxg4 Bxg4 15. Qxg4 Ne5 {malgré la pièce les noirs sont mieux ...} 16. Qe2
$4 $19 Nf3+ $1 17. Kg2 Rh2+ $2 $19 (17... Qd7 18. Ne6 Rh2+ 19. Kg3 fxe6 20. Rh1
(20. Nxe4 $2 e5 21. Ng5 Nxg5 22. Kxh2 Qh3+ 23. Kg1 Nf3+) 20... Rxh1 21. Rxh1
exd5 22. Rd1 Qd6+ 23. Bf4 Qf6 $19) 18. Kg3 e6 $2 $14 (18... e5 19. Nxe4 Nd4 20.
Qg4 Rh4 21. Qd1 exf4+ 22. Bxf4 $19) 19. Nxe4 Qh4+ $18 (19... Nd4 {
avec la meme idée que dans la partie, mais sans donner le N} 20. Bxd4 Qh4+ 21.
Kf3 cxd4 22. Rg1 e5 $11) 20. Kxf3 g5 $2 $18 (20... O-O-O $18) 21. Nxg5 $2 $18 (
21. Nf6+ $18 Kd8 (21... Ke7 22. Bxc5+ Kxf6 23. Bd4+ Ke7 24. Ng6+ fxg6 25. Qxe6+
Kd8 26. Bb6#) 22. Qd3 $18) 21... e5 $2 $18 (21... Qxg5 22. Rh1 Rxh1 23. Rxh1 e5
24. Bd2 Qf6 25. Rh5 Bd6 26. Kg2 O-O-O 27. Qg4+ $18) 22. Rg1 exf4 $2 $18 (22...
f5 {est "meilleur" d'après Fritz, mais c'est cuit quand meme}) 23. Bxf4+ Kd7
24. Rg4 Qh5 $18 25. Qe5 Rc8 $2 26. Qf5+ Ke8 27. Qxc8+ 1-0

[Event "Open13 06-07"]
[Site "?"]
[Date "2006.10.21"]
[Round "1"]
[White "Scamaroni, Jean-Paul"]
[Black "Thomet, Yannick"]
[Result "1-0"]
[WhiteElo "1820"]
[BlackElo "2040"]
[PlyCount "125"]
[EventDate "2006.??.??"]

1. d4 e6 2. c4 f5 3. Nc3 Nf6 4. Nf3 Be7 5. g3 O-O 6. Bg2 c6 7. O-O d5 8. cxd5
exd5 9. Re1 Ne4 10. Qc2 Nd7 11. Bf4 Ndf6 12. Ne5 Qe8 13. Nd3 Qh5 14. f3 g5 15.
Be5 Nd6 16. b3 g4 17. Nf4 Qh6 18. Nd1 Bd7 19. Ne3 Qg5 $14 20. Nf1 $11 Rae8 21.
Nd3 h5 22. Bf4 Qg7 23. Qd2 Nh7 $2 $16 (23... Nf7 24. Nc5 h4 25. gxh4 $11) 24.
Ne5 Bc8 25. Bh6 Qf6 26. Bxf8 Rxf8 27. f4 $16 h4 28. Qe3 $11 Bd8 $16 (28... h3
$5 29. Bh1 Qe6 30. a4 a5 31. Rac1 Nf6 32. Ng6 $11) 29. gxh4 Bb6 $18 (29... Qh6
30. Ng3 Bxh4 31. Rf1 Nf6 32. a4 a5 33. Rac1 $16) 30. a4 Qxh4 $18 31. Ng6 $2 $11
(31. a5 {était nécessaire avant Ng6} Bxa5 32. Ng6 Qd8 33. Nxf8 Nxf8 34. Red1
Bb6 35. Ng3 a5 36. Qe5 Ng6 $18) 31... Qf6 32. Ne5 Ne4 $18 33. a5 Bc7 34. Rec1
Rd8 $18 35. Bxe4 dxe4 36. Rc4 $16 Nf8 $18 37. b4 $16 Ne6 38. Rd1 $11 Qh6 39.
Ng3 $4 $19 Qxf4 $2 $16 (39... Nxf4 $19 {la position blanche s'effondre ...} 40.
Qc1 (40. Nxg4 Qh3 41. Nf6+ Kf7 42. Qf2 e3 43. Qf1 Kxf6 $19) 40... e3 41. Rf1
Be6 42. Rc5 Rxd4 43. Kh1 b6 44. axb6 axb6 45. Rb5 cxb5 46. Qxc7 Bd5+ 47. Nf3
gxf3 48. exf3 Qc6 $19) 40. Qxf4 $15 Nxf4 41. Rf1 Nh3+ 42. Kg2 Be6 43. Rc2 $19 (
43. Rc5 Rxd4 44. Nxf5 Rxb4 45. Nxc6 bxc6 46. Rxc6 Bxf5 47. Rxc7 Be6 $15) 43...
Rxd4 $15 (43... f4 $1 44. Nh5 f3+ 45. Kg3 fxe2 46. Rxe2 Bc4 47. Rxe4 Bxf1 $19)
44. Ng6 $4 $19 f4 45. Nh5 $2 $19 (45. b5 $19 {moins pire ...}) 45... f3+ 46.
exf3 exf3+ 47. Kh1 Bf5 $4 $14 (47... Bf7 48. Ne7+ Kf8 49. Nf5 $19 Rxb4 50. Nfg3
Be5 $19) 48. Ne7+ Kh8 $16 (48... Kf7 49. Nxf5 Rxb4 50. a6 bxa6 51. Nh6+ Kg6 52.
Ng3 Bxg3 53. Rxc6+ Kh5 54. hxg3 $14) 49. Nxf5 Rxb4 50. a6 bxa6 51. Ne3 $11 (51.
Re1 c5 52. Rxc5 Bb6 53. Nf6 Nf2+ 54. Kg1 Ne4 55. Nxe4 Rc4 56. Nh6 $16) 51...
Bb6 52. Nxg4 $2 $19 Rxg4 53. Ng3 f2 $15 (53... Rf4 54. Rxc6 Nf2+ 55. Kg1 Nd3+
56. Kh1 a5 57. Nh5 Rf5 58. Ng3 Rf8 59. Ne4 $19) 54. Rxc6 Rb4 $2 $18 55. Rh6+
Kg7 56. Rxh3 a5 57. Nh5+ Kg6 58. Ng3 $2 $11 (58. Kg2 a4 59. Ng3 Rg4 60. Kf3 Rb4
61. Ne2 a3 62. Nf4+ Kf5 63. Rh5+ Kf6 64. Nd5+ Kg6 $18) 58... a4 $18 59. Ne2 Rb2
$18 60. Nc1 Rd2 61. Ra3 Rd5 $18 62. Nd3 Kg5 63. Nxf2 1-0

[Event "Open13 06-07"]
[Site "?"]
[Date "2006.10.21"]
[Round "1"]
[White "Lecoq-Bernard, Francois"]
[Black "Mazzerbo, Olivier"]
[Result "1-0"]
[WhiteElo "2000"]
[BlackElo "1800"]
[PlyCount "55"]
[EventDate "2006.??.??"]

1. c4 Nf6 2. Nc3 e6 3. Nf3 c5 4. g3 d5 5. cxd5 exd5 6. d4 c4 7. Bg2 Nc6 8. O-O
Be7 9. b3 Qa5 10. Bd2 Bb4 11. Qc2 b5 $16 (11... O-O {
il ne faut pas tarder à mettre le K à l'abri} 12. bxc4 dxc4 13. a3 Bxc3 14.
Bxc3 Qd5 15. Qb2 $14) 12. bxc4 bxc4 13. e4 $1 {
les noirs n'ont pas roqué, les blancs attaque directement au centre} Be6 $18 (
13... O-O {toujours}) 14. exd5 Nxd5 15. Nxd5 Bxd5 16. Rfe1+ $18 Ne7 $2 $18 ({
était préférable ... le clouage est trop dangereux} 16... Kf8) 17. Bxb4 Qxb4
18. Re5 Rd8 19. Rb1 Qd6 20. Qa4+ $2 $14 (20. Rbe1 Rd7 21. Nh4 O-O 22. Nf5 $18
Nxf5 23. Rxd5 Qb4 24. Rb1 Nxd4 25. Rxd4 Qxb1+ 26. Qxb1 Rxd4 $18) 20... Qd7 $18
21. Qb4 f6 22. Re3 $2 $11 (22. Rxe7+ Qxe7 23. Re1 Be6 24. Qxe7+ Kxe7 25. Bh3
Rd6 26. d5 $18) 22... Kf7 23. Nd2 $6 $17 (23. Rbe1 Rhe8 $11) 23... Rc8 $2 $18 (
23... Bxg2 24. Kxg2 Nd5 25. Qxc4 Rc8 $17 {avec gain d'une qualité}) 24. Rxe7+
$1 Qxe7 25. Bxd5+ Kf8 26. Nxc4 h5 $18 27. Qxe7+ Kxe7 28. Rb7+ 1-0

[Event "Open13 06-07"]
[Site "?"]
[Date "2006.10.21"]
[Round "1"]
[White "Estevez, Ange"]
[Black "Anton, Jose"]
[Result "0-1"]
[WhiteElo "1780"]
[BlackElo "1977"]
[PlyCount "110"]
[EventDate "2006.??.??"]

1. e4 d5 2. exd5 Nf6 3. c4 e6 4. Nc3 exd5 5. cxd5 Nxd5 6. d4 Be7 7. Nf3 O-O 8.
Be2 Nc6 9. O-O Be6 10. a3 Re8 11. Bb5 Bg4 12. Bxc6 bxc6 13. Nxd5 $17 cxd5 14.
Be3 Bd6 15. h3 Bh5 16. Rc1 Qf6 17. Rc3 a5 18. Bc1 Re4 $17 (18... a4 {
pour parer la défense Qb3} 19. Bd2 Re4 20. Qc2 Bxf3 21. Rxf3 $19) 19. Rd3 $19 (
19. Qb3 Qf5 20. Qb5 a4 21. Qc6 $17) 19... Rae8 20. Be3 R8e6 21. Kh1 $19 Qf5 $17
22. Rg1 $19 (22. Rb3 {résistait mieux} f6 23. Rb7 Bxf3 24. Qxf3 Qxf3 25. gxf3
$17) 22... Bxf3 $17 23. Qxf3 Qxf3 24. gxf3 Rh4 25. Rg4 $19 (25. Rb3 {
la finale va etre difficile pour les blancs... Il faut etre actif tout de suite
} f5 26. f4 Bxf4 27. Bxf4 Rxf4 28. Rb8+ $17) 25... Rxh3+ 26. Kg2 Rh2+ 27. Kf1
Rh1+ $17 (27... f5 {gagne du temps} 28. Rg2 Rh1+ 29. Rg1 $18) 28. Rg1 Rxg1+ 29.
Kxg1 Re8 $15 (29... c6 $17) 30. Rb3 Ra8 31. Rb5 c6 32. Rb6 Rc8 33. Ra6 Bc7 34.
Bd2 Bd8 35. Bxa5 Bf6 36. Bc3 Kf8 37. Bb4+ Ke8 38. Bc5 Kd7 39. Ra7+ Rc7 40.
Rxc7+ Kxc7 41. b3 h5 42. Kg2 Kb7 43. f4 g6 44. Kf3 (44. a4 Bd8 45. b4 Ka6 46.
Kh3 $11) 44... Bd8 $11 45. Kg2 $2 $19 (45. b4 {ou a4 était nécessaire}) 45...
Bb6 $1 46. b4 $4 Bxc5 47. bxc5 Ka6 48. Kh3 f5 49. Kh4 Kb5 50. Kg5 Kc4 51. Kxg6
h4 52. Kxf5 h3 53. Ke5 h2 54. f5 h1=Q 55. f6 Qe4+ 0-1

[Event "Open13 06-07"]
[Site "?"]
[Date "2006.10.21"]
[Round "1"]
[White "Girard, Jean-Pierre"]
[Black "Torelli, Roger"]
[Result "1-0"]
[WhiteElo "1973"]
[BlackElo "1780"]
[PlyCount "49"]
[EventDate "2006.??.??"]

1. e4 e5 2. Nf3 Nc6 3. Bb5 a6 4. Ba4 Nf6 5. O-O Be7 6. Re1 b5 7. Bb3 d6 8. c3
O-O 9. h3 Na5 10. Bc2 c5 11. d3 Bb7 12. Nbd2 Re8 13. Nf1 Bf8 14. Ng3 g6 15. Bg5
Bg7 16. Qd2 Qc7 17. Nh4 Nd7 18. b4 $11 cxb4 19. cxb4 Nc6 20. Rac1 Rac8 $14 21.
Bb3 Qb8 22. Rxc6 $2 $17 Bxc6 23. Nhf5 gxf5 24. Nxf5 Bf6 $2 (24... Kh8 25. Bxf7
Rf8 26. Be6 Bf6 $15) (24... Rc7 25. Bh6 Bf6 26. Nxd6 Nf8 27. Nxe8 Qxe8 $17) 25.
Bxf6 {mat à suivre ...} 1-0

[Event "Open13 06-07"]
[Site "?"]
[Date "2006.10.21"]
[Round "1"]
[White "Laurent, Yohan"]
[Black "Estevez, Eric"]
[Result "0-1"]
[WhiteElo "1760"]
[BlackElo "1940"]
[PlyCount "110"]
[EventDate "2006.??.??"]

1. c4 e5 2. Nc3 Nc6 3. g3 Nf6 4. Bg2 h6 5. d3 Bb4 6. a3 Bxc3+ 7. bxc3 O-O 8.
Rb1 Re8 $14 9. Qc2 $11 b6 $14 10. Nh3 d5 11. cxd5 Bxh3 12. Bxh3 Qxd5 13. O-O
Rad8 14. Bb2 Qc5 15. e3 Rd6 16. Rbc1 e4 17. d4 Qh5 18. Bg2 Na5 19. c4 Rc6 20.
Qa4 Qe2 21. Rc2 b5 22. Rxe2 bxa4 23. c5 Nd5 24. Rc2 $16 (24. f3 {Il faut essaye
r d'ouvrir les lignes pour mettre en valeur les B par rapport aux N} Nf6 25.
fxe4 Nxe4 26. Rc2 Rf6 27. Rf4 $16) 24... f5 25. Bh3 g6 26. Rb1 Rb8 27. Bf1 Kf8
28. Rcc1 Rb3 29. Rc4 $5 $15 (29. h4 $16) 29... Nxc4 30. Bxc4 Nc3 31. Bxb3 Nxb1
32. Bxa4 Ra6 33. Bb5 Rxa3 34. Bxa3 Nxa3 35. Ba6 Ke7 36. Kf1 Nc2 37. Ke2 Nb4 38.
Bc4 g5 39. Kd2 c6 40. Kc3 a5 41. h3 Kd7 42. Kb3 Kc7 $16 43. Be6 f4 44. gxf4
gxf4 45. exf4 Nd3 46. f5 Kd8 47. Kc3 $14 (47. f6 Nxf2 48. f7 Ke7 49. d5 Nd3 50.
d6+ Kf8 51. Kc4 Ne5+ 52. Kd4 Nxf7 53. Bxf7 Kxf7 54. Kxe4 $18) 47... Nf4 $16 48.
Bc4 Ke7 49. Kd2 Kf6 $18 (49... Nxh3 50. Bb3 Nf4 51. Ke3 a4 52. Bxa4 Nd5+ 53.
Kd2 Nb4 54. Bb3 Kf6 55. Be6 $16) 50. Ke3 $14 (50. d5 Kxf5 51. dxc6 Ng6 52. c7
Ne7 53. Bd5 Ke5 54. Bb7 Kd4 55. c6 $18) 50... Kxf5 51. d5 $4 $19 (51. Bb3 $14)
51... cxd5 {
la fausse idée du coup précedent ... mais c'est perdu de toute façon.} 52. c6
$2 $19 dxc4 53. Kd4 c3 54. Kxc3 Ke5 55. Kc4 Kd6 0-1

[Event "Open13 06-07"]
[Site "?"]
[Date "2006.10.21"]
[Round "1"]
[White "Madranges, Julien"]
[Black "Nari, Damien"]
[Result "1-0"]
[WhiteElo "1929"]
[BlackElo "1755"]
[PlyCount "61"]
[EventDate "2006.??.??"]

1. d4 d5 2. Nf3 Nf6 3. e3 e6 4. Bd3 c5 5. b3 Nbd7 6. Bb2 b6 7. Nbd2 Bb7 8. O-O
Rc8 9. Ne5 Nxe5 $16 (9... Bd6 $14 {limitait la prise d'espace des blancs}) 10.
dxe5 Nd7 11. f4 Be7 12. Rf3 $14 (12. c4 $5 O-O 13. Qh5 $16) 12... f5 $16 (12...
c4 $5 13. bxc4 (13. Be2 $2 c3) 13... dxc4 14. Nxc4 Bxf3 15. Qxf3 $14 {
et les blancs ont toujours une bonne initiative, mais au prix d'une qualité})
13. Rh3 g6 14. c4 Nf8 15. Nf3 Rg8 $6 $18 (15... dxc4 {
semble améliorer la défense ...} 16. Bxc4 Qxd1+ 17. Rxd1 a6 18. a4 Rd8 $14) 16.
Qe2 h5 17. Rd1 Qc7 18. cxd5 exd5 19. Bb5+ Kf7 20. e6+ $1 Kxe6 21. Be5 $18 (21.
Bc4 {est plus précis !} Rd8 (21... dxc4 $4 22. Qxc4+ Bd5 23. Qxd5#) 22. e4 $1
fxe4 23. Qxe4+ $18) 21... Bd6 22. Qb2 $16 Bxe5 23. Nxe5 a6 24. Be2 Rd8 25. Rg3
h4 26. Rh3 g5 27. Bh5 Rg7 28. Re1 $11 Qd6 $2 $18 {
au moment de revenir dans la partie, les noirs perdent le fil ...} (28... Rh7 {
et les noirs reviennent à égalité} 29. g4 hxg3 30. hxg3 g4 31. Rh2 $11) 29. Nf3
d4 30. exd4+ Be4 $2 $18 31. d5+ 1-0

[Event "Open13 06-07"]
[Site "?"]
[Date "2006.10.21"]
[Round "1"]
[White "Simone, Herve"]
[Black "Pieri, Thierry"]
[Result "0-1"]
[WhiteElo "1720"]
[BlackElo "1927"]
[PlyCount "96"]
[EventDate "2006.??.??"]

1. e4 d6 2. d4 Nf6 3. Nc3 g6 4. Nf3 Bg7 5. Bd3 O-O 6. Be3 Nc6 7. O-O Bg4 8. h3
Bxf3 9. Qxf3 Nd7 10. Ne2 e5 11. c3 Ne7 $16 (11... exd4 {préféré par Fritz} 12.
Bxd4 (12. cxd4 Nce5 13. dxe5 Nxe5 14. Qg3 Nxd3 15. Bg5 f6 16. Qxd3 fxg5 $15) (
12. Nxd4 Nce5 13. Qe2 Nxd3 14. Qxd3 $11) 12... Nxd4 13. Nxd4 Qg5 $11) 12. d5
$11 (12. Rad1 c6 13. Bg5 f6 $16) 12... f5 13. Bg5 fxe4 14. Qxe4 Nf6 15. Bxf6
Rxf6 16. f4 Rf8 17. Rae1 Nf5 18. fxe5 Bxe5 19. Nf4 $4 $19 (19. Qb4 $14) 19...
Ng3 $2 $15 (19... Qg5 $1 20. Ne6 Qg3 21. Nxf8 Qh2+ 22. Kf2 Rxf8 $19) 20. Ne6
Nxe4 21. Rxf8+ $2 $19 (21. Nxd8 Rxf1+ 22. Bxf1 $1 $15 {
évitant la variante de la partie}) 21... Qxf8 22. Nxf8 Nc5 {
les blancs perdent une pièce...} 23. Bxg6 Rxf8 24. Bc2 Re8 25. Rf1 Bg3 26. b4
Na6 27. Bd3 $19 Re1 28. a4 Kg7 29. Bxa6 bxa6 30. c4 Kg6 31. Rxe1 Bxe1 32. b5
axb5 33. axb5 Kf5 34. Kf1 Bc3 35. Ke2 Ke4 36. g4 Bf6 37. Kf2 Kd3 38. Kg3 Kxc4
39. h4 Kxd5 40. g5 Be7 41. Kf4 Ke6 42. h5 d5 43. h6 Bd6+ 44. Kg4 d4 45. g6 hxg6
46. h7 Be5 47. Kg5 Kf7 48. Kh6 d3 (48... Bf4#) 0-1

[Event "Open13 06-07"]
[Site "?"]
[Date "2006.10.21"]
[Round "1"]
[White "Pleynet, Olivier"]
[Black "Thiers, Jean-Jacques"]
[Result "0-1"]
[WhiteElo "1925"]
[BlackElo "1680"]
[PlyCount "62"]
[EventDate "2006.??.??"]

1. e4 e5 2. Nf3 Nc6 3. Bc4 Nf6 4. Nc3 Bc5 5. d3 d6 6. Bg5 h6 7. Be3 Bxe3 8.
fxe3 Bg4 9. Qd2 Na5 10. Bb3 Nxb3 11. axb3 Bxf3 12. gxf3 d5 13. O-O-O Qd7 14.
Rhg1 Rg8 $16 (14... dxe4 15. Nxe4 Nxe4 16. fxe4 g6 17. Qa5 Qe7 $14) 15. exd5
$14 (15. d4 $1 {profite du retard de développement des noirs} dxe4 16. dxe5
Qxd2+ 17. Rxd2 Nd7 18. f4 Rd8 19. Rgd1 $16) 15... Nxd5 16. Rdf1 $11 (16. d4 $16
Nxc3 (16... exd4 $2 17. Qxd4 Nb6 18. Qf4 $18) 17. Qxc3 O-O-O 18. dxe5) 16...
O-O-O 17. f4 exf4 18. Nxd5 Qxd5 19. Rxf4 Rd6 20. Qc3 Qe6 21. e4 Rc6 $6 $16 22.
Qb4 $11 (22. Rxg7 $5 Rd8 (22... Rxc3 $6 23. Rxg8+ Kd7 24. bxc3) 23. Qb4) 22...
Qe5 23. Rxf7 Rxc2+ 24. Kxc2 Qxh2+ 25. Kc3 Qxg1 26. Qe7 $17 (26. Rxc7+ Kxc7 27.
Qc4+ Kb6 28. Qe6+ Kb5 29. Qc4+ Ka5 30. b4+ Kb6 31. Qe6+ Kc7 32. Qxg8 $11) 26...
Qc1+ 27. Kb4 Rd8 $17 (27... a5+ $19) 28. Rf8 Qd2+ 29. Ka4 Qxd3 30. Rxd8+ $4 $19
(30. Qe6+ Kb8 31. Qe7 Rc8 32. e5 {semble plus résistant}) 30... Qxd8 31. Qxg7
$2 $19 Qd7+ 0-1

[Event "Open13 06-07"]
[Site "?"]
[Date "2006.10.21"]
[Round "1"]
[White "Regaud, Denis"]
[Black "Jouet, Philippe"]
[Result "1/2-1/2"]
[WhiteElo "1670"]
[BlackElo "1920"]
[PlyCount "108"]
[EventDate "2006.??.??"]

1. d4 d5 2. c4 e6 3. g3 Nf6 4. Bg2 Nbd7 5. cxd5 exd5 6. Nf3 Bd6 7. O-O O-O 8.
Nc3 c6 9. Qc2 Re8 10. Nh4 Nf8 11. a3 a5 12. Nf5 Bc7 13. Rd1 Ng6 14. Bg5 h6 15.
Bxf6 Qxf6 16. Ne3 $15 (16. e4 {donne quelques variantes intéressantes ...} Bxf5
(16... dxe4 17. Ne3 Bb6 18. Nxe4) 17. exf5 Ne7 18. Nxd5 Nxd5 19. Bxd5 Rad8 $11)
16... Bb6 17. Qd3 Nf8 18. Na4 Ba7 19. b4 Ne6 20. Nc5 Bb8 21. Nxe6 Qxe6 22. b5
Bd6 23. Rdc1 Bd7 24. bxc6 Bxc6 25. Bf3 Rad8 26. Qb3 a4 27. Qd3 Be7 28. Bg4 $6
$17 Qe4 29. Qc3 Bg5 30. Bf5 Qe7 31. f4 Bxf4 32. gxf4 Qxe3+ 33. Qxe3 Rxe3 34.
Kf2 Rde8 35. Bd3 g6 36. Rg1 Kg7 37. Ra2 h5 $15 38. Rc2 $17 (38. f5 $5 Rh3 39.
fxg6 f5 40. Rg5 f4 41. Kg2 Rh4 42. Rf5 $15) 38... R8e7 39. Rc5 Kh6 40. Rg3 Rxg3
41. hxg3 Kg7 42. e3 f5 43. Ra5 Rc7 44. Bc2 $4 $19 b5 $2 $15 (44... b6 {
gagne une pièce ou une qualité} 45. Rxa4 (45. Ra6 Bb5 46. Rxb6 Rxc2+ 47. Kg1
Bc4 $19) 45... Bxa4 46. Bxa4 Rc3 47. Bb5 Rxa3 48. Bc6 Ra5 $19) 45. Bd3 Rb7 46.
Ra6 Be8 47. Ke2 b4 48. axb4 Rxb4 49. Rd6 $4 $19 Rb2+ $2 $19 (49... a3 {
arreter le P coute le B} 50. Ra6 Ba4 51. Ra7+ Kh6 52. Bb1 Bb5+ 53. Kd2 $19 Rxb1
) 50. Kf3 Bf7 $2 $15 {le B devient passif} (50... a3 51. Ra6 a2 52. Ra7+ Kf6
53. Ra6+ Ke7 54. Ra7+ Kd6 55. Be2 Bc6 56. Ra6 Kc7 {laisse le gain aux noirs !})
51. Ra6 Ra2 52. Bb5 a3 53. Ra7 Kf6 $11 54. Ra6+ Kg7 1/2-1/2

[Event "Open13 06-07"]
[Site "?"]
[Date "2006.10.21"]
[Round "1"]
[White "Madranges, Jean"]
[Black "Porte, Jacques"]
[Result "1-0"]
[WhiteElo "1910"]
[BlackElo "1505"]
[PlyCount "81"]
[EventDate "2006.??.??"]

1. d4 Nf6 2. Bf4 e6 3. e3 d6 4. Nf3 Be7 5. Bd3 Nbd7 6. h3 O-O 7. O-O b6 8. Nbd2
c5 9. c3 d5 10. Ne5 Bb7 11. Qf3 Ne4 $16 (11... Nxe5 12. dxe5 Nd7 13. Qg4 Kh8
$14) 12. Nxe4 dxe4 13. Bxe4 Bxe4 14. Qxe4 Nf6 $18 15. Qf3 Nd5 16. Nc6 Qd7 17.
Nxe7+ Qxe7 18. Qg3 Nxf4 19. Qxf4 c4 20. Rad1 Rad8 21. e4 b5 22. Rd2 f6 23. Rfd1
Qb7 24. d5 e5 25. Qe3 Rd6 26. a3 Qd7 27. Kh2 h5 (27... f5 $5 28. exf5 Rxf5 29.
g4 Rf8 30. Qxe5 Rdf6) 28. g3 $14 Kh7 $18 (28... f5 29. f4 exf4 30. gxf4 fxe4
31. Qxe4 $14) 29. f4 g6 30. Qf3 Qd8 31. Rf2 Kg7 32. fxe5 fxe5 33. Qxf8+ Qxf8
34. Rxf8 Kxf8 35. Rf1+ Kg7 36. g4 Kh6 $2 {laisse rentrer la R, mais que jouer ?
} (36... hxg4 37. hxg4 a5 38. g5 Rb6 39. Rf6 Rxf6 40. gxf6+ Kxf6 {
et la finale de P gagnante pour les Blancs ...}) 37. gxh5 Kxh5 38. Rf7 Kg5 39.
Kg3 a6 40. h4+ Kh6 41. Re7 1-0

[Event "Open13 06-07"]
[Site "Meyreuil"]
[Date "2006.10.28"]
[Round "1"]
[White "Pierrugues, Laurent"]
[Black "Cortes, Antoine"]
[Result "0-1"]
[WhiteElo "1910"]
[BlackElo "2158"]
[PlyCount "50"]
[EventDate "2006.??.??"]

1. Nf3 Nf6 2. g3 g6 3. Bg2 Bg7 4. d3 O-O 5. O-O d5 6. Nbd2 c5 7. e4 Nc6 8. c3
dxe4 9. dxe4 h6 10. Qc2 Be6 11. Rd1 Qa5 12. Nb3 Qa4 13. Ne1 Nxe4 14. Bxe4 (14.
Bxh6 Bxh6 15. Bxe4 Bg4 16. f3 Bh3 17. f4) 14... Bxb3 15. Qxb3 Qxe4 16. Qxb7
Rad8 17. Be3 Rxd1 18. Rxd1 Rb8 19. Qa6 Rxb2 20. Qa3 (20. Nd3 Rc2 21. Nxc5 Qf3
22. Rd7 Rb2 23. Rb7 Re2 24. Nd3 Rc2 25. c4) 20... Rb1 21. Rc1 Rxc1 22. Qxc1 Qc4
23. Bxh6 Bxh6 24. Qxh6 Qxc3 25. Ng2 (25. Qe3 Qxe3 26. fxe3 e5 27. g4 e4 28. g5
Ne5 29. Kf1 c4 30. Nc2 c3 31. Ke2 Nf3) 25... Qa1+ 0-1